| 000 | 00624nam a2200193 i 4500 | ||
|---|---|---|---|
| 001 | 40040 | ||
| 003 | ES-MaACL | ||
| 005 | 20251120142802.0 | ||
| 007 | t| | ||
| 008 | 030305s1883 sp ||||1| spa d | ||
| 080 | _a398.2(460)(082.2) | ||
| 245 | 0 | 0 |
_aCantos populares españoles / _crecogidos, ordenados e ilustrados por Francisco Rodríguez Marín. |
| 260 |
_aMadrid : _bAtlas, _c[1883?] ( _fEstades) |
||
| 300 |
_a5 v. ; _c26 cm. |
||
| 650 | 4 |
_aCanciones populares- _zEspaña. _910733 |
|
| 700 | 1 |
_aRodríguez Marín, Francisco, _d1855-1943 _998634 |
|
| 852 |
_aES-MaACL _jE-6247-51 |
||
| 999 |
_c40040 _d40040 |
||